书目信息 |
| 题名: |
沙产业
|
|
| 作者: | 刘恕 | |
| 分册: | 跨世纪的沙漠利用战略构想 | |
| 出版信息: | 北京 中国环境科学出版社 1996 |
|
| 页数: | 229页 | |
| 开本: | 20cm | |
| 丛书名: | ||
| 单 册: | ||
| 中图分类: | F127.4 | |
| 科图分类: | ||
| 主题词: | 经济--中国 | |
| 电子资源: | ||
| ISBN: | 7-80135-173-8 | |
| 000 | 00511nam0 2200181 450 | |
| 001 | 0736196517 | |
| 005 | 20070924100316.51 | |
| 010 | @a7-80135-173-8@b精装@d¥21.00 | |
| 100 | @a20070924d km y0chiy0120 ea | |
| 101 | 0 | @achi |
| 200 | 1 | @a沙产业@Asha chan ye@h跨世纪的沙漠利用战略构想@f刘恕@Fliu shu |
| 210 | @a北京@c中国环境科学出版社@d1996 | |
| 215 | @a229页@c插图@d20cm | |
| 606 | 0 | @a经济@x中国 |
| 690 | @aF127.4@v3 | |
| 701 | 0 | @a刘恕@Aliu shu |
| 801 | 0 | @aCN@bPFT@c20070924 |
| 905 | @a213230@dF127.4@eZY9@f1 | |
| 沙产业.跨世纪的沙漠利用战略构想/刘恕.-北京:中国环境科学出版社,1996 |
| 229页:插图;20cm |
| ISBN 7-80135-173-8(精装):¥21.00 |
| ● |
| 相关链接 |
|
|
|
|
正题名:沙产业
索取号:F127.4/ZY9
 
预约/预借
| 序号 | 登录号 | 条形码 | 馆藏地/架位号 | 状态 | 备注 |
| 1 | 7900578 | 279005782 | 密集书库-资源管理系/ [索取号:F127.4/ZY9] | 在馆 |